000 02099nam a2200313Ia 4500
999 _c47934
_d47934
001 14811
003 GE_BSU
005 20211202121459.0
008 181216s2010||||ge |||||||||||||| ||geo||
020 _a 9789941416712
040 _cGE_BSU
041 _ageo
080 _a123.1 რ-12
245 _cჰელმუტ შნაიდერი, ლალი ზაქარაძე, გიორგი თავაძე [და სხვ.] ; [გრიგოლ რობაქიძის სახ. უნ-ტის ფილოს. და სოციალ. მეცნ. კვლევ. ინ-ტი].
_aრა არის თავისუფლება? = What is freedom? :
_bდიდი მოაზროვნეები თავისუფლების არსის შესახებ : შარლ ლუი მონტესკიე, ჟან ჟაკ რუსო, გეორგ ვილჰელმ ფრიდრიხ ჰეგელი, ჰერბერტ სპენსერი, ერიხ ფრომი /
264 _aთბილისი :
_bნეკერი,
_c2010.
300 _a142 გვ;
_b14 სმ.
500 _aთავფურ. ქართ. და ინგლ.
501 _aსახელთა საძ.: გვ. 131-135.
504 _aბიბლიოგრ. ტექსტ. შენიშვნ.
520 _aრეზ. ინგლ.
653 _aთავისუფლება
700 _aშნაიდერი, ჰელმუტ
_eავტორი
_913146
700 _aზაქარაძე, ლალი
_eავტორი
_913147
700 _aთავაძე, გიორგი
_eავტორი
_92230
700 _aლაბუჩიძე, დოდო
_eავტორი
_96892
700 _aირემაძე, თენგიზ
_eავტორი
_92229
710 _aგრიგოლ რობაქიძის სახ. უნ-ტი.
_bფილოს. და სოციალ. მეცნ. კვლევ. ინ-ტი
_96937
942 _cBK
_2udc